000 00620nam a2200229Ia 4500
003 OSt
005 20221007074340.0
006 a|||||r|||| 00| 0
007 ta
008 221006b |||||||| |||| 00| 0 eng d
024 _a36,415
037 _cTextual
040 _aFLL
_cFLL
_beng
041 _2eng
_aeng
082 _aZQ7, P3
100 _aMulla
_9683289
245 0 _aPrinciples of mahomedan law (Rev. by M. Hidayatullah and Arshad)
260 _aNagpur
_bLexisNexis Butterworths India
_c2003
300 _alii,346p
_ccm.
942 _hZQ7, P3
_cTEXL
_2CC
999 _c1152024
_d1152024